LEADER 01547nam a2200349 u 4500 001 000000092530 003 CaOOAMICUS 005 20070226124941.0 008 060623s2006 it u000 u ita u 020 $a88-311-3279-2 035 $a11093683 040 $aPUL$bita 041 1 $aita$hger 245 03$aLa Chiesa fiorisce :$bi movimenti e le nuove comunità /$cChristoph Hegge (ed.) ; contributi di Michael Hochschild ... [et al.]. 260 $aRoma :$bCittà Nuova,$cc2006. 300 $a207 p. ;$c20 cm 490 1 $aContributi di teologia ;$v50 500 $aTit. originale: Kirche bricht auf. Die Dynamik der Neuen Geistlichen Gemeinschaften. 500 $aContiene indici. 504 $aBibliografia in nota. 650 4$aComunità cristiana.$0(OLS)http://pul/subject/22746 650 4$aReligione$ySec. XX.$0(OLS)http://pul/subject/26077 650 4$aMovimento cattolico.$0(OLS)http://pul/subject/3482 700 1 $aHochschild, Michael.$0(OLS)http://pul/name/59673 700 1 $aHegge, Christoph.$0(OLS)http://pul/name/48900 830 0$aContributi di teologia ;$v50.$0(OLS)http://pul/title/23834 850 $aPUL 852 $aPUL$W1$xSL Religione 3$y85$m262. 26 HEGCH 1$j116374$nBK-PRI$b $qDDC 21$B116374$CPULBib$Z2$F116374 $HPUL101854 $82 941 1 $a9 996 $6020$a88-311-3279-2$9(OLS)http://pul/number/121581 996 $6245$aLa Chiesa fiorisce :$bi movimenti e le nuove comunità$9(OLS)http://pul/title/119408 996 $6260$aRoma :$bCittà Nuova$9(OLS)http://pul/publisher/47927 LEADER 01330nam a2200289 u 4500 001 000000022840 003 CaOOAMICUS 005 20150722110856.0 008 950329s1966 it u000 u ita u 035 $a10574699 040 $aPUL(R)$bita 041 1 $aita$hger 100 1 $aSchürmann, Heinz,$d1913-1999.$0(OLS)http://pul/name/19352 245 13$aLa tradizione dei detti di Gesù /$cHeinz Schürmann ; traduzione italiana di F. Montagnini. 260 $aBrescia :$bPaideia,$c1966. 300 $a77 p.$c18 cm 490 1 $aBiblioteca minima di cultura religiosa ;$v14 600 04$aIesus Christus$xDetti.$0(OLS)http://pul/subject/2241 700 1 $aMontagnini, Felice,$csacerdote,$d1923-2018.$0(OLS)http://pul/name/6530 830 0$aBiblioteca minima di cultura religiosa ;$v14.$0(OLS)http://pul/title/16065 850 $aPUL 852 $aPUL$W1$xDP1 Altre Collocazioni$y17$mSenza collocazione$j12$nBK-PRI$b $qStampati$B32026$CPULBib$Z2$F32026 $H $81 852 $aPUL$W1$xDP1 Fondo S. Lanza$y121$m3 L 23.14$j167947$a2.a copia$qFondi$B168505$CPULBib$Z2$F168505 $HLan1586 $81 941 1 $a8 941 1 $a1 996 $6245$aLa tradizione dei detti di Gesù$9(OLS)http://pul/title/31793 996 $6260$aBrescia :$bPaideia$9(OLS)http://pul/publisher/47884